CÁTALOGO MUNICIPAL







Islandia / (Registro nro. 10966)

Detalles MARC
000 -Cabecera (24)
Campo de control interno 00558nam a22002054a 4500
001 - Número de control
Campo de control BIBLIOTECA MUNICIPAL DE BARRANCO
007 - Tipo material - Descripcion fisica - info general
Tipo material ta
008 - Códigos de longitud fija (40p)
Campo de control de longitud fija t pe gr 00| 0 spa d
020 ## - INTERNATIONAL STANDARD BOOK NUMBER
ISBN 978-9974-8118-4-3
040 ## - Origen de la Catalogacion
Origen de la Catalogacion BIBLIOTECA MUNICIPAL DE BARRANCO
041 ## - Código de idioma (R)
Código de lengua del texto/banda sonora o título independiente (R) spa
043 ## - Pais ISO
País ISO pe
082 ## - Número de la Clasificación
Numero de edición 863.44
Número de documento/Ítem P72I 2008.
100 ## - Autor Personal
Autor Personal Bruno PODESTA (autor)
245 ## - Titulo
Titulo Islandia /
Mencion del autor Bruno PODESTA (autor)
250 ## - Mencion de edicion
Edicion 1a.ed.
260 ## - Pie de imprenta
Ciudad Montevideo :
Editorial ESTUARIO,
Año 2008.
300 ## - Descripcion
Páginas 93 p.
Dimensiones 22 cm.
942 ## - Datos personalizados Koha
Tipo de Documento Libros
Fecha procesamiento 2025-08-25
Catalogador AAOH
Existencias
Fuente de Clasificacion Deterioro (estado) Ubicacion permanente Ubicacion actual Fecha de Ingreso a la Biblioteca Numero inventario Prestamos Signatura Topográfica Código de barras Ultima fecha de verificacion Tipo de Item Ubicación en edificio Precio dolares
Dewey Decimal Classification   Biblioteca Municipal Manuel Beingolea Biblioteca Municipal Manuel Beingolea 08/25/2025 004617   863.44 P72I 2008 004617 08/25/2025 Libros Sala - Estantería abierta  

  

  GERENCIA DE CULTURA Y TURISMO

  Biblioteca Municipal de Barranco

  Auspiciado por la Municipalidad Distrial de Barranco

  Horario de atención: De lunes a sábado de 8:00 am a 5:00 pm.

  Correo electrónico: biblioteca@munibarranco.gob.pe

  Teléfono :203-6730, anexo 303


Ubicación